[Event "2022 Zone 4.4 Individual Chess Championship(Open)"]
[Site "Addis Ababa"]
[Date "2022.05.02"]
[Round "1"]
[Board "1"]
[White "Tagelsir, Abubaker"]
[Black "Tilahun, Abel Mathewos"]
[Result "1-0"]
[WhiteElo "2202"]
[BlackElo "1951"]
[PlyCount "89"]
[EventDate "2022.05.02"]
[EventRounds "9"]
[EventCountry "ETH"]

1. e4 e6 2. d3 d5 3. Nd2 Nc6 4. Ngf3 Nf6 5. e5 Nd7 6. d4 f6 7. Bb5 Be7 8. O-O
a6 9. exf6 Nxf6 10. Bxc6+ bxc6 11. Ne5 c5 12. Nc6 Qd7 13. Nxe7 Qxe7 14. dxc5
Qxc5 15. Nb3 Qc4 16. Nd4 O-O 17. b3 Qc3 18. Rb1 Bd7 19. Nf3 Qa5 20. Bd2 Qb6 21.
Be3 Qa5 22. Qd4 Ne4 23. Ne5 Be8 24. a4 c5 25. Qd3 Qc7 26. f4 Bc6 27. Rbe1 Bb7
28. Bc1 a5 29. Ba3 Rad8 30. Qh3 Rde8 31. Qd3 Rd8 32. Re3 Rf5 33. Qe2 Rdf8 34.
Nd3 Qb6 35. c4 Nc3 36. Qe1 Ne4 37. g4 R5f6 38. Bb2 Rg6 39. Ne5 Rh6 40. Nd7 Qd8
41. Nxf8 Qxf8 42. Be5 Rg6 43. h3 Qd8 44. g5 h5 45. h4  1-0

[Event "2022 Zone 4.4 Individual Chess Championship(Open)"]
[Site "Addis Ababa"]
[Date "2022.05.02"]
[Round "1"]
[Board "2"]
[White "Terefe, Melkamu Sewunet"]
[Black "Abdelazeez, Mohamed Abdalla"]
[Result "0-1"]
[WhiteElo "1948"]
[BlackElo "2180"]
[PlyCount "24"]
[EventDate "2022.05.02"]
[EventRounds "9"]
[EventCountry "ETH"]

1. e4 c5 2. Nf3 Nc6 3. d4 cxd4 4. Nxd4 g6 5. Nc3 Bg7 6. Be3 Nf6 7. f3 O-O 8.
Qd2 d5 9. Nxc6 bxc6 10. e5 Nd7 11. f4 e6 12. Na4 Nxe5  0-1

[Event "2022 Zone 4.4 Individual Chess Championship(Open)"]
[Site "Addis Ababa"]
[Date "2022.05.02"]
[Round "1"]
[Board "3"]
[White "Nadir, Samir"]
[Black "Ali Abdullahi, Farah"]
[Result "1-0"]
[WhiteElo "2177"]
[BlackElo "1944"]
[PlyCount "47"]
[EventDate "2022.05.02"]
[EventRounds "9"]
[EventCountry "ETH"]

1. d4 d5 2. Nf3 Nf6 3. Bf4 c5 4. e3 Bf5 5. c3 Nc6 6. Qb3 Bc8 7. Bb5 c4 8. Bxc6+
bxc6 9. Qa4 Qb6 10. b3 Ba6 11. bxc4 Bxc4 12. Nbd2 Bb5 13. Qc2 Qa6 14. Ne5 c5
15. f3 e6 16. a4 Bc6 17. Kf2 Be7 18. Qb2 O-O 19. Nxc6 Qxc6 20. Qb5 Rfc8 21.
Rhb1 cxd4 22. cxd4 h5 23. Rc1 Qe8 24. Nb3  1-0

[Event "2022 Zone 4.4 Individual Chess Championship(Open)"]
[Site "Addis Ababa"]
[Date "2022.05.02"]
[Round "1"]
[Board "4"]
[White "Njoroge, Martin"]
[Black "Ahmed, Hassan Ahmed"]
[Result "0-1"]
[WhiteElo "1932"]
[BlackElo "2136"]
[PlyCount "88"]
[EventDate "2022.05.02"]
[EventRounds "9"]
[EventCountry "ETH"]

1. Nf3 Nf6 2. c4 e6 3. b3 b6 4. g3 Bb7 5. Bg2 Be7 6. O-O O-O 7. Bb2 c5 8. Nc3
Nc6 9. e3 d5 10. cxd5 Nxd5 11. Nxd5 exd5 12. d4 Ba6 13. Re1 c4 14. bxc4 Bxc4
15. a3 b5 16. Nd2 Bf6 17. Nxc4 bxc4 18. Qh5 Rb8 19. Qxd5 Qxd5 20. Bxd5 Ne7 21.
Bxc4 Rxb2 22. Rec1 Nc8 23. Rc3 Nd6 24. Bd3 Rfb8 25. Rac1 Kf8 26. Kg2 g6 27. Rc6
Be7 28. e4 Rd2 29. e5 Ne8 30. R1c3 Rbb2 31. d5 Rxf2+ 32. Kg1 Rg2+ 33. Kf1 Rxh2
34. Kg1 Rhd2 35. d6 Bd8 36. Bc2 Ra2 37. Ba4 Bb6+ 38. Kf1 Rh2 39. Rc2 Ra1+ 40.
Rc1 Rxc1+ 41. Rxc1 Rh1+ 42. Ke2 Rxc1 43. d7 Ng7 44. d8=Q+ Bxd8  0-1

[Event "2022 Zone 4.4 Individual Chess Championship(Open)"]
[Site "Addis Ababa"]
[Date "2022.05.02"]
[Round "1"]
[Board "5"]
[White "Mesfin, Leykun"]
[Black "Abdilahi Salah, Mohamed"]
[Result "1-0"]
[WhiteElo "2102"]
[BlackElo "1872"]
[PlyCount "74"]
[EventDate "2022.05.02"]
[EventRounds "9"]
[EventCountry "ETH"]

1. e4 e5 2. Nf3 d6 3. d4 exd4 4. Qxd4 Nc6 5. Bb5 Bd7 6. Bxc6 Bxc6 7. Nc3 Nf6 8.
Bf4 Be7 9. O-O-O Qd7 10. Rhe1 b6 11. e5 dxe5 12. Qxe5 Qe6 13. Qxc7 Rc8 14. Rd8+
Rxd8 15. Rxe6 fxe6 16. Qxc6+ Nd7 17. Qxe6 Nc5 18. Qc6+ Kf8 19. Bg5 Bxg5+ 20.
Nxg5 h6 21. Qf3+ Ke7 22. Qf7+ Kd6 23. Nge4+ Nxe4 24. Nxe4+ Kc6 25. b3 Rd7 26.
Qe6+ Kc7 27. a4 Rhd8 28. f3 Kb7 29. a5 Rd5 30. c4 R5d7 31. a6+ Kb8 32. Nc3 Rc7
33. Nd5 Rcd7 34. f4 Rd6 35. Qe5 R8d7 36. f5 Kc8 37. h4 b5  1-0

[Event "2022 Zone 4.4 Individual Chess Championship(Open)"]
[Site "Addis Ababa"]
[Date "2022.05.02"]
[Round "1"]
[Board "6"]
[White "Tolu, Behailu Workneh"]
[Black "Abera, Aydagnuhem Gezachew"]
[Result "1/2-1/2"]
[WhiteElo "1869"]
[BlackElo "2097"]
[PlyCount "22"]
[EventDate "2022.05.02"]
[EventRounds "9"]
[EventCountry "ETH"]

1. d4 d5 2. c4 e6 3. Nf3 Nf6 4. Nc3 c6 5. Bg5 Be7 6. e3 Nbd7 7. Bd3 b6 8. O-O
O-O 9. Rc1 Bb7 10. Qe2 c5 11. dxc5 Nxc5  1/2-1/2

[Event "2022 Zone 4.4 Individual Chess Championship(Open)"]
[Site "Addis Ababa"]
[Date "2022.05.02"]
[Round "1"]
[Board "8"]
[White "Moges, Flower Habtu"]
[Black "Hamed, Mohamed"]
[Result "0-1"]
[WhiteElo "1836"]
[BlackElo "2063"]
[PlyCount "65"]
[EventDate "2022.05.02"]
[EventRounds "9"]
[EventCountry "ETH"]

1. d4 Nf6 2. c4 g6 3. Nc3 Bg7 4. e4 d6 5. f3 e5 6. Nge2 exd4 7. Nxd4 Nc6 8. Be3
O-O 9. Be2 Nh5 10. Nc2 Qh4+ 11. Bf2 Qg5 12. g3 Qa5 13. Qd2 Nf6 14. O-O Qh5 15.
Be3 Be6 16. Nd5 Bxd5 17. cxd5 Ne5 18. g4 Qh3 19. Rf2 h5 20. g5 Nh7 21. Nd4 Qd7
22. Rc1 Rfc8 23. Qb4 c5 24. dxc6 Nxc6 25. Qa4 Nxg5 26. Rg2 Ne6 27. Nxc6 bxc6
28. b3 d5 29. Ba6 Rc7 30. Rd1 Rd8 31. Bf2 Qe7 32. Bg3 Qc5+ 33. Kh1  0-1

[Event "2022 Zone 4.4 Individual Chess Championship(Open)"]
[Site "Addis Ababa"]
[Date "2022.05.02"]
[Round "1"]
[Board "9"]
[White "Jimma, Desalegn Fekadu"]
[Black "Osman Dahir, Mahamed"]
[Result "1-0"]
[WhiteElo "2057"]
[BlackElo "1824"]
[PlyCount "36"]
[EventDate "2022.05.02"]
[EventRounds "9"]
[EventCountry "ETH"]

1. d4 Nf6 2. c4 b6 3. Nc3 Bb7 4. e3 e6 5. a3 d5 6. Nf3 Be7 7. Bd3 Nbd7 8. O-O
O-O 9. Qe2 Re8 10. b3 c6 11. Bb2 Nf8 12. Ne5 N6d7 13. f4 f5 14. cxd5 cxd5 15.
Rac1 a6 16. g4 g6 17. Qg2 Nxe5 18. fxe5 Kh8  1-0

[Event "2022 Zone 4.4 Individual Chess Championship(Open)"]
[Site "Addis Ababa"]
[Date "2022.05.02"]
[Round "1"]
[Board "10"]
[White "Kibrom, Weldegebriel Beraki"]
[Black "Gole, Habtamu Ashenafi"]
[Result "0-1"]
[WhiteElo "1820"]
[BlackElo "2054"]
[PlyCount "73"]
[EventDate "2022.05.02"]
[EventRounds "9"]
[EventCountry "ETH"]

1. Nf3 Nf6 2. g3 d5 3. d4 e6 4. Bg2 Be7 5. O-O O-O 6. c4 c6 7. Nbd2 Nbd7 8. Re1
b6 9. Qc2 Bb7 10. e4 dxe4 11. Nxe4 Nxe4 12. Qxe4 Nf6 13. Qe2 Re8 14. Ne5 Rc8
15. Rd1 Nd7 16. Nd3 Nf8 17. Be3 Bd6 18. c5 Bb8 19. h4 b5 20. h5 Nd7 21. h6 g6
22. Bh3 Qf6 23. Qg4 Qe7 24. Bg5 f6 25. Re1 fxg5 26. Rxe6 Qxe6 27. Qxe6+ Rxe6
28. Bxe6+ Kf8 29. Bxd7 Rd8 30. Bh3 Rxd4 31. Rd1 a5 32. Kf1 b4 33. Ke2 Ba6 34.
Ke3 Rd8 35. Bf1 Ba7 36. Rc1 Rd5 37. Nxb4  0-1

[Event "2022 Zone 4.4 Individual Chess Championship(Open)"]
[Site "Addis Ababa"]
[Date "2022.05.02"]
[Round "1"]
[Board "11"]
[White "Elobeid, Asim Ali"]
[Black "Tekle, Solomon Mekonnen"]
[Result "1-0"]
[WhiteElo "2041"]
[BlackElo "1786"]
[PlyCount "43"]
[EventDate "2022.05.02"]
[EventRounds "9"]
[EventCountry "ETH"]

{[%evp 0,43,20,12,57,39,56,16,27,30,29,30,28,28,28,-3,-18,-7,14,8,21,7,8,5,10,
3,72,20,66,16,66,23,58,1,-39,-47,8,-6,9,21,42,42,69,69,29,-1]} 1. e4 c6 2. d3
d5 3. Nd2 e5 4. Ngf3 Bg4 5. h3 Bxf3 6. Qxf3 Nf6 7. g3 Nbd7 8. Bg2 Bc5 9. O-O h6
10. c3 O-O 11. b4 Bb6 12. a4 a6 13. Bb2 Qe7 14. Rfd1 Rfd8 15. Ba3 Qe6 16. c4
dxc4 17. dxc4 Bd4 18. Rac1 c5 19. Nb3 b6 20. a5 Rdc8 21. axb6 Qxb6 22. Nxc5  1-0

[Event "2022 Zone 4.4 Individual Chess Championship(Open)"]
[Site "Addis Ababa"]
[Date "2022.05.02"]
[Round "1"]
[Board "12"]
[White "Kenea, Endale Mekonnen"]
[Black "Yirga, Nigussie Mitiku"]
[Result "1-0"]
[WhiteElo "1772"]
[BlackElo "2019"]
[PlyCount "126"]
[EventDate "2022.05.02"]
[EventRounds "9"]
[EventCountry "ETH"]

{[%evp 0,54,19,31,45,38,27,21,24,-15,-3,-3,18,-3,9,-1,-4,11,13,-21,2,-1,-3,-22,
-22,4,10,12,21,-29,12,-30,-13,-21,-28,-3,15,14,42,43,145,145,145,89,101,95,91,
83,105,105,110,103,103,122,126,119,123]} 1. e4 Nc6 2. d4 d5 3. e5 Bf5 4. c3 e6
5. Nf3 a6 6. h3 h6 7. Bd3 Nge7 8. Be3 Qd7 9. b4 Bxd3 10. Qxd3 Nf5 11. Bd2 Be7
12. a4 Na7 13. O-O O-O 14. Nh2 Nc6 15. Na3 f6 16. f4 fxe5 17. fxe5 Rad8 18. Nc2
Bh4 19. Rf3 b5 20. axb5 axb5 21. Raf1 Be7 22. g4 Nh4 23. Rxf8+ Rxf8 24. Rxf8+
Bxf8 25. Be1 Be7 26. Qxb5 Ng6 27. Bg3 Bh4 28. Bxh4 Nxh4 29. Ne1 g5 30. Nhf3
Nxf3+ 31. Nxf3 Qf7 32. Qe2 Ne7 33. Ne1 Ng6 34. Ng2 c6 35. Qf2 Qe7 36. Kh2 Nf8
37. Kg3 Nd7 38. h4 gxh4+ 39. Nxh4 Qg5 40. Qf4 Qxf4+ 41. Kxf4 Nb6 42. Ke3 Nc4+
43. Ke2 Kf7 44. Ng2 Na3 45. Nf4 Nb5 46. Kd3 Nc7 47. Ke3 Nb5 48. Ne2 Nc7 49. Kf4
Kg6 50. Kg3 Kf7 51. Kh4 Kg6 52. Nf4+ Kf7 53. Kh5 Kg7 54. Ng6 Nb5 55. Ne7 Nxc3
56. Nxc6 Nb5 57. g5 hxg5 58. Kxg5 Kf7 59. Kf4 Ke8 60. Ke3 Kd7 61. Na5 Nc3 62.
Kd3 Nb5 63. Nb3 Kc6  1-0

[Event "2022 Zone 4.4 Individual Chess Championship(Open)"]
[Site "Addis Ababa"]
[Date "2022.05.02"]
[Round "1"]
[Board "13"]
[White "Omar, Abdulrahman"]
[Black "Regassa, Hunde Eba"]
[Result "1-0"]
[WhiteElo "2005"]
[BlackElo "1717"]
[PlyCount "91"]
[EventDate "2022.05.02"]
[EventRounds "9"]
[EventCountry "ETH"]

{[%evp 0,33,19,27,17,-18,-4,-11,26,-19,8,-76,12,26,63,66,72,97,103,56,81,82,
101,96,100,101,106,98,103,99,90,126,156,161,146,175]} 1. Nf3 Nf6 2. c4 e5 3.
Nxe5 Nc6 4. Nxc6 dxc6 5. g3 Bc5 6. e3 Bg4 7. f3 Be6 8. d4 Bb4+ 9. Bd2 Bxd2+ 10.
Nxd2 O-O 11. Bg2 Re8 12. O-O Qd7 13. Re1 Rad8 14. Qc2 Bf5 15. Qc3 h5 16. Nb3 b6
17. e4 Bg6 18. e5 Nh7 19. f4 a5 20. a4 Nf8 21. c5 Ne6 22. cxb6 Nxd4 23. Rad1
Ne2+ 24. Rxe2 Qxd1+ 25. Re1 Qd3 26. Bxc6 Qxc3 27. bxc3 Re6 28. bxc7 Rc8 29. Bd7
Rxc7 30. Bxe6 fxe6 31. Rc1 Be8 32. Nd4 Kf7 33. Nb5 Bxb5 34. axb5 a4 35. c4 a3
36. b6 Rc8 37. b7 Rb8 38. Ra1 Rxb7 39. Rxa3 Rc7 40. Rc3 Kg6 41. Kf2 Kf5 42. Kf3
g5 43. h3 gxf4 44. gxf4 Rc5 45. Rc2 h4 46. Rg2  1-0

[Event "2022 Zone 4.4 Individual Chess Championship(Open)"]
[Site "Addis Ababa"]
[Date "2022.05.02"]
[Round "1"]
[Board "14"]
[White "Asante, Debesai Zerabruk"]
[Black "Shiferaw, Yalemzewde Mekonnen"]
[Result "0-1"]
[WhiteElo "1712"]
[BlackElo "1995"]
[PlyCount "52"]
[EventDate "2022.05.02"]
[EventRounds "9"]
[EventCountry "ETH"]

{[%evp 0,52,26,18,54,68,69,65,78,37,103,78,104,46,7,23,34,13,6,-33,-37,-34,-15,
-26,-2,-2,10,-38,2,-35,-50,-24,-42,-11,19,36,57,59,86,43,140,3,55,3,57,-15,-5,
-46,-40,-80,-89,0,13,0,0]} 1. e4 c6 2. d4 d5 3. e5 Bf5 4. h4 Bd7 5. Nf3 e6 6.
Bf4 c5 7. c3 Nc6 8. Nbd2 cxd4 9. Nxd4 Nxd4 10. cxd4 Qb6 11. Nb3 Bb4+ 12. Bd2 f6
13. f4 fxe5 14. fxe5 Ne7 15. Bxb4 Qxb4+ 16. Qd2 Qb6 17. Nc5 Rc8 18. Rh3 Qc7 19.
Rc3 Nc6 20. Rac1 O-O 21. b4 Qd8 22. Nxd7 Qxd7 23. b5 Ne7 24. Bd3 Rxc3 25. Qxc3
Rc8 26. Qd2 Rf8  0-1

[Event "2022 Zone 4.4 Individual Chess Championship(Open)"]
[Site "Addis Ababa"]
[Date "2022.05.02"]
[Round "1"]
[Board "15"]
[White "Akmel, Nesru Beshir"]
[Black "Mohamed, Ali Dima"]
[Result "1-0"]
[WhiteElo "1991"]
[BlackElo "1542"]
[PlyCount "43"]
[EventDate "2022.05.02"]
[EventRounds "9"]
[EventCountry "ETH"]

{[%evp 0,43,16,28,46,51,51,42,42,47,18,27,115,97,119,27,30,30,65,41,96,101,137,
133,129,86,196,175,279,180,165,141,286,319,319,283,244,305,302,277,557,642,766,
766,997,1249]} 1. e4 c5 2. Nf3 Nc6 3. d4 cxd4 4. Nxd4 e6 5. Nc3 a6 6. Be3 Bb4
7. a3 Bxc3+ 8. bxc3 Nge7 9. Bd3 Ng6 10. O-O h5 11. f4 e5 12. Nf5 exf4 13. Bc5
Nce7 14. Nxg7+ Kf8 15. Nf5 b6 16. Bd6 b5 17. c4 Kg8 18. Nxe7+ Nxe7 19. Rxf4
bxc4 20. Bxc4 Qb6+ 21. Kh1 Qc6 22. Bxf7+  1-0

[Event "2022 Zone 4.4 Individual Chess Championship(Open)"]
[Site "Addis Ababa"]
[Date "2022.05.02"]
[Round "1"]
[Board "16"]
[White "Adam Bouni, Abdi Rahim"]
[Black "Altaye, Girum Teklewold"]
[Result "1/2-1/2"]
[WhiteElo "1322"]
[BlackElo "1984"]
[PlyCount "77"]
[EventDate "2022.05.02"]
[EventRounds "9"]
[EventCountry "ETH"]

{[%evp 0,70,16,28,47,27,37,36,19,8,-4,-2,13,19,7,22,7,-8,-8,-21,-26,-26,8,-3,
-14,-38,-1,-28,-1,-50,18,9,45,-1,0,-10,19,-8,-1,0,-2,-14,-14,-12,-14,-43,-29,
-58,-33,-84,-15,-10,5,5,-9,-9,-3,-23,-18,-22,-10,-10,-14,-4,-13,-12,-15,-17,
-15,-37,-35,-87,-4]} 1. e4 e6 2. d4 d5 3. e5 c5 4. c3 Nc6 5. Nf3 Qb6 6. Bd3
cxd4 7. cxd4 Bd7 8. Bc2 Nb4 9. Nc3 Nxc2+ 10. Qxc2 Rc8 11. O-O Ne7 12. a3 Nc6
13. Be3 Be7 14. b4 Qc7 15. Rac1 Nb8 16. Qd3 Qc4 17. Qb1 O-O 18. Nd2 Qa6 19. Qb2
Bb5 20. Nxb5 Qxb5 21. Nb3 b6 22. Rfd1 h6 23. h3 Nd7 24. Rc3 Rxc3 25. Qxc3 Qc4
26. Qb2 Rc8 27. Rc1 Qa6 28. Rxc8+ Qxc8 29. Nd2 b5 30. Nb3 Nb6 31. Nc5 Nc4 32.
Qb3 Qc6 33. Kf1 a5 34. Ke2 a4 35. Qd3 h5 36. g3 g6 37. h4 Kg7 38. Bc1 f5 39.
Qf3  1/2-1/2

[Event "2022 Zone 4.4 Individual Chess Championship(Open)"]
[Site "Addis Ababa"]
[Date "2022.05.03"]
[Round "2"]
[Board "1"]
[White "Elobeid, Asim Ali"]
[Black "Tagelsir, Abubaker"]
[Result "0-1"]
[WhiteElo "2041"]
[BlackElo "2202"]
[PlyCount "118"]
[EventDate "2022.05.02"]
[EventRounds "9"]
[EventCountry "ETH"]

{[%evp 0,42,6,21,51,-9,13,-13,42,25,16,-3,52,36,28,7,30,-3,29,29,49,15,15,16,
17,23,18,0,26,26,58,47,58,-50,3,-53,37,-37,-38,-33,-24,-32,62,-22,-1]} 1. Nf3
c5 2. g3 Nc6 3. Bg2 g6 4. O-O Bg7 5. d3 e6 6. e4 Nge7 7. c3 e5 8. a3 d6 9. b4
a6 10. Bb2 O-O 11. Nbd2 h6 12. Nc4 Be6 13. Ne3 f5 14. Nd2 f4 15. Nd5 g5 16. a4
g4 17. b5 Nb8 18. c4 f3 19. Bh1 Ng6 20. Re1 Rf7 21. Nf1 Nd7 22. Bc3 Ndf8 23.
Bd2 Nh7 24. Qc1 h5 25. a5 Bxd5 26. cxd5 axb5 27. Qb2 b4 28. Ne3 Ng5 29. Nc4
Nh3+ 30. Kf1 Ra6 31. Ra2 Bf6 32. Rea1 Rh7 33. Be3 h4 34. Qc2 Qd7 35. Nb6 Qf7
36. Qa4 hxg3 37. fxg3 Nf8 38. Qb5 Qh5 39. Nc4 Bg5 40. Bg1 Rf7 41. Bf2 Nf4 42.
gxf4 Qxh2 43. Bxf3 gxf3 44. fxg5 Qg2+ 45. Ke1 Rh7 46. Kd1 Rh1+ 47. Kc2 Rxa1 48.
Rxa1 Qxf2+ 49. Nd2 Qd4 50. Rf1 Qc3+ 51. Kd1 Qa1+ 52. Kc2 Qa2+ 53. Kd1 Rxa5 54.
Qc4 Qa1+ 55. Qc1 Qd4 56. Rxf3 Ra1 57. Nb1 Qg1+ 58. Kc2 Ra2+ 59. Kb3 Qxc1  0-1

[Event "2022 Zone 4.4 Individual Chess Championship(Open)"]
[Site "Addis Ababa"]
[Date "2022.05.03"]
[Round "2"]
[Board "2"]
[White "Abdelazeez, Mohamed Abdalla"]
[Black "Omar, Abdulrahman"]
[Result "0-1"]
[WhiteElo "2180"]
[BlackElo "2005"]
[PlyCount "104"]
[EventDate "2022.05.02"]
[EventRounds "9"]
[EventCountry "ETH"]

{[%evp 0,66,19,27,62,28,14,26,21,19,23,-2,-2,-15,-17,-7,25,30,21,17,90,89,101,
101,136,306,291,66,66,75,65,88,81,94,95,100,84,84,84,84,89,72,70,8,8,-45,87,
-47,-41,-54,-54,-53,-74,-76,-76,-45,-67,-37,-23,-11,-25,-20,23,0,0,-23,-29,-48,
-91]} 1. Nf3 c5 2. c4 Nf6 3. Nc3 e6 4. g3 Nc6 5. Bg2 d5 6. cxd5 exd5 7. d4 c4
8. O-O Bb4 9. Bg5 Bxc3 10. bxc3 O-O 11. e4 Be6 12. e5 h6 13. exf6 hxg5 14. Nxg5
Qxf6 15. Qh5 Qh6 16. Qxh6 gxh6 17. Nxe6 fxe6 18. Rfe1 Rf6 19. f4 Kf7 20. Rab1
Rb8 21. Rb2 b5 22. Rbe2 Rd8 23. Kf2 b4 24. Ke3 bxc3 25. Rc1 Ne7 26. Bh3 Nf5+
27. Bxf5 exf5 28. Kf3 Re6 29. Rxe6 Kxe6 30. Rxc3 Re8 31. Ra3 Kd6 32. Ra6+ Kc7
33. Rxa7+ Kb6 34. Rd7 Kc6 35. Ra7 Re4 36. Ra6+ Kb5 37. Rxh6 c3 38. a4+ Kxa4 39.
Rc6 Kb3 40. Rc5 c2 41. Rb5+ Kc3 42. Rxd5 Rxd4 43. Rxf5 c1=Q 44. Rc5+ Rc4 45.
Rxc4+ Kxc4 46. Kg4 Kd5 47. Kg5 Ke4 48. h4 Qe3 49. g4 Qxf4+ 50. Kh5 Ke5 51. g5
Kf5 52. g6 Qg4+  0-1

[Event "2022 Zone 4.4 Individual Chess Championship(Open)"]
[Site "Addis Ababa"]
[Date "2022.05.03"]
[Round "2"]
[Board "3"]
[White "Shiferaw, Yalemzewde Mekonnen"]
[Black "Nadir, Samir"]
[Result "0-1"]
[WhiteElo "1995"]
[BlackElo "2177"]
[PlyCount "90"]
[EventDate "2022.05.02"]
[EventRounds "9"]
[EventCountry "ETH"]

{[%evp 0,58,16,-12,-12,-79,15,21,64,47,55,34,40,27,34,23,39,27,75,30,32,41,41,
43,53,52,41,28,12,7,18,-4,-17,-70,-81,-119,-126,-143,-143,-220,-299,-334,-233,
-276,-261,-307,-307,-345,-345,-418,-267,-355,-325,-384,-372,-531,-245,-307,
-245,-275,-241]} 1. c4 e5 2. g3 c5 3. Bg2 g6 4. Nc3 Bg7 5. Nf3 Ne7 6. O-O O-O
7. d3 Nbc6 8. Bd2 h6 9. a3 d6 10. Rb1 Be6 11. Qc1 Kh7 12. b4 b6 13. bxc5 dxc5
14. Rd1 Rc8 15. Ne1 Qd7 16. e4 f5 17. Be3 f4 18. gxf4 exf4 19. Bxf4 Bxc3 20.
Bxh6 Bg7 21. Bxg7 Kxg7 22. Qe3 Nd4 23. f4 Rxf4 24. Nc2 Rcf8 25. Nxd4 cxd4 26.
Qg3 Nc6 27. Rf1 Qf7 28. e5 Ne7 29. Qg5 Ng8 30. c5 bxc5 31. Rxf4 Qxf4 32. Rb7+
Kh8 33. Qxf4 Rxf4 34. Rc7 c4 35. dxc4 d3 36. Rc6 Bxc4 37. Rd6 Ne7 38. Bf1 Rxf1+
39. Kxf1 d2+ 40. Kf2 Nd5 41. Rxd5 Bxd5 42. Ke2 Kg7 43. Kxd2 Kf7 44. Kd3 Ke6 45.
Kd4 g5  0-1

[Event "2022 Zone 4.4 Individual Chess Championship(Open)"]
[Site "Addis Ababa"]
[Date "2022.05.03"]
[Round "2"]
[Board "4"]
[White "Ahmed, Hassan Ahmed"]
[Black "Akmel, Nesru Beshir"]
[Result "0-1"]
[WhiteElo "2136"]
[BlackElo "1991"]
[PlyCount "70"]
[EventDate "2022.05.02"]
[EventRounds "9"]
[EventCountry "ETH"]

{[%evp 0,50,21,24,20,15,24,-16,33,5,29,26,16,17,17,12,17,12,12,16,29,31,70,33,
53,12,13,23,10,-14,-7,-14,11,7,27,6,23,1,48,-28,-24,-24,-26,-77,-39,-40,-36,
-30,-31,-65,-75,-73,-56]} 1. d4 d5 2. Nf3 Nf6 3. c4 c6 4. g3 g6 5. cxd5 cxd5 6.
Nc3 Bg7 7. Bg2 O-O 8. O-O Nc6 9. Bf4 a6 10. Rc1 e6 11. Ne5 Bd7 12. Bg5 h6 13.
Bf4 Nh5 14. Nxc6 Bxc6 15. Be3 Qb6 16. Qd2 Kh7 17. Bf3 Nf6 18. h4 Ne8 19. Rfd1
Nd6 20. b3 Nf5 21. Kg2 Rad8 22. Na4 Qa7 23. h5 g5 24. Qc2 Kg8 25. Qc5 Nxe3+ 26.
fxe3 Qb8 27. Rg1 Rde8 28. Qc3 e5 29. Kh2 f5 30. Nc5 g4 31. Bh1 exd4 32. exd4
Rxe2+ 33. Rg2 Rfe8 34. Nd3 R8e3 35. Rxe2 Qxg3#  0-1

[Event "2022 Zone 4.4 Individual Chess Championship(Open)"]
[Site "Addis Ababa"]
[Date "2022.05.03"]
[Round "2"]
[Board "5"]
[White "Haitham, Mohammed Abdalrasool"]
[Black "Mesfin, Leykun"]
[Result "0-1"]
[WhiteElo "1982"]
[BlackElo "2102"]
[PlyCount "115"]
[EventDate "2022.05.02"]
[EventRounds "9"]
[EventCountry "ETH"]

{[%evp 0,54,29,18,29,-9,9,-2,2,2,18,1,38,34,57,32,17,20,14,12,10,2,4,-1,-5,-5,
-5,-5,11,9,0,8,-1,-21,-12,3,-6,-11,-5,-27,-33,-87,-85,-91,-76,-76,-86,-86,-84,
-113,-55,-54,-55,-60,-25,-46,-19]} 1. Nf3 Nf6 2. b3 g6 3. Bb2 Bg7 4. e3 d6 5.
d4 d5 6. c4 c6 7. cxd5 cxd5 8. Bb5+ Bd7 9. Bxd7+ Nbxd7 10. Nbd2 O-O 11. Rc1 Qa5
12. a4 Rfc8 13. O-O Qa6 14. Ne5 Nxe5 15. dxe5 Nd7 16. f4 e6 17. Nf3 Nc5 18. Nd4
Ne4 19. Nb5 Bf8 20. Nc7 Rxc7 21. Rxc7 Qb6 22. Rc2 Qxe3+ 23. Kh1 Qxb3 24. Re2
Qxd1 25. Rxd1 Bc5 26. Bd4 b6 27. g3 h5 28. Rc2 Kg7 29. Kg2 Kh6 30. h4 Kg7 31.
Rd3 Rc8 32. Kf3 Rc7 33. Rd1 Rd7 34. Rd3 Rd8 35. Rd1 Rf8 36. Rd3 Rc8 37. Rd1 Rf8
38. a5 Rd8 39. Bg1 Rd7 40. axb6 axb6 41. Ra2 Kh7 42. Ra8 Bxg1 43. Rxg1 Rc7 44.
Rb8 Rc3+ 45. Ke2 Nxg3+ 46. Kd2 Ne4+ 47. Ke2 Rh3 48. Ra1 Rxh4 49. Raa8 Kg7 50.
Rh8 f6 51. Rag8+ Kf7 52. Ke3 fxe5 53. Rf8+ Kg7 54. Rfg8+ Kf6 55. Rb8 d4+ 56.
Ke2 Rxf4 57. Kd3 Nc5+ 58. Kc4  0-1

[Event "2022 Zone 4.4 Individual Chess Championship(Open)"]
[Site "Addis Ababa"]
[Date "2022.05.03"]
[Round "2"]
[Board "6"]
[White "Adebo, Muhaba Detamo"]
[Black "Tsige, Addisalem Temesgen"]
[Result "0-1"]
[WhiteElo "1979"]
[BlackElo "2069"]
[PlyCount "52"]
[EventDate "2022.05.02"]
[EventRounds "9"]
[EventCountry "ETH"]

{[%evp 0,52,36,10,58,57,104,22,91,87,48,75,75,51,73,46,36,15,10,-3,-9,-30,-30,
-28,-14,-17,5,0,1,-8,-26,-39,25,0,6,-215,-200,-200,-208,-235,-224,-228,-153,
-304,-245,-839,-839,-839,-839,-839,-839,-29987,-29988,-29989,-29990]} 1. e4 c5
2. Nf3 g6 3. c3 Bg7 4. d4 cxd4 5. cxd4 d5 6. e5 Bg4 7. Be2 e6 8. Nc3 Ne7 9. Qb3
O-O 10. Ng5 Bxe2 11. Nxe2 h6 12. Nf3 Qa5+ 13. Bd2 Qa6 14. Rc1 Nbc6 15. a4 Nf5
16. Qb5 Qb6 17. g4 Nfxd4 18. Nexd4 Nxd4 19. Nxd4 Qxd4 20. f4 f6 21. exf6 Bxf6
22. h4 Qe4+ 23. Kf2 Bd4+ 24. Kg3 Be3 25. Bxe3 Qxe3+ 26. Kg2 Rxf4  0-1

[Event "2022 Zone 4.4 Individual Chess Championship(Open)"]
[Site "Addis Ababa"]
[Date "2022.05.03"]
[Round "2"]
[Board "7"]
[White "Hamed, Mohamed"]
[Black "Yousuf Omer, Mahamed"]
[Result "0-1"]
[WhiteElo "2063"]
[BlackElo "1970"]
[PlyCount "94"]
[EventDate "2022.05.02"]
[EventRounds "9"]
[EventCountry "ETH"]

{[%evp 0,76,28,22,17,-35,-22,-11,-14,-20,-5,-16,0,-14,-25,-40,-47,-43,-41,-87,
-22,-31,-52,-70,-65,-63,-63,-63,-45,-69,-63,-77,-74,-47,-49,-47,-23,-34,-23,
-19,0,27,102,96,83,81,83,83,86,86,93,93,93,99,86,7,2,0,0,-3,-18,-18,-16,-22,
-22,-22,-22,-14,-17,-28,-49,-61,-68,-106,-108,-117,-136,-132,-138]} 1. Nf3 d5
2. g3 Nc6 3. d4 Bf5 4. Bg2 e6 5. O-O h6 6. Bf4 Bd6 7. c3 Bxf4 8. gxf4 g5 9. Qc1
gxf4 10. Qxf4 Qd6 11. Qxd6 cxd6 12. Nbd2 Nf6 13. Kh1 Ke7 14. Rae1 Rag8 15. h3
Ne4 16. Nxe4 Bxe4 17. Nh4 Bxg2+ 18. Nxg2 f5 19. Nf4 Nd8 20. f3 a5 21. e4 dxe4
22. fxe4 fxe4 23. Rxe4 Rg5 24. Nxe6 Nxe6 25. Rfe1 Rf8 26. Rxe6+ Kd7 27. R6e3
Rf2 28. R3e2 Rgg2 29. Rxf2 Rxf2 30. Rb1 b5 31. Kg1 Rc2 32. Kf1 Rh2 33. Kg1 Rc2
34. Kf1 Kc6 35. Ke1 Rh2 36. Kd1 Kd5 37. Rc1 Rxb2 38. Rc2 Rb1+ 39. Rc1 Rxc1+ 40.
Kxc1 Kc4 41. Kd2 b4 42. cxb4 axb4 43. Ke3 d5 44. h4 h5 45. Kf4 Kxd4 46. Kg5 Ke3
47. Kxh5 d4  0-1